| 000 | 00594nam a22001937a 4500 | ||
|---|---|---|---|
| 003 | OSt | ||
| 005 | 20251121162342.0 | ||
| 008 | 251121b |||||||| |||| 00| 0 eng d | ||
| 020 | _a0-440-20848-3. | ||
| 040 |
_aDWCL-Main lib. _cOC |
||
| 082 | _aGR. 398.2 Ev92d 1970 | ||
| 100 | _aBergen, Evans | ||
| 245 |
_aDictionary of mythology : _bmainly classical/ _cEvans Bergen |
||
| 260 |
_aN. Y. : _bDell Publishing _c, c1970. |
||
| 300 |
_axvii, 310 p. ; _c17 cm. |
||
| 504 | _aIncludes bibliographical references and index. | ||
| 650 | _aMythology-Dictionaries. | ||
| 942 |
_2ddc _cGR _hGR. _n0 |
||
| 999 |
_c6030 _d6030 |
||